Scientific Method for Ecological Research (Record no. 246062)

MARC details
000 -LEADER
fixed length control field 00285pam a2200145 a 4500
020 ## - INTERNATIONAL STANDARD BOOK NUMBER
Terms of availability
041 ## - LANGUAGE CODE
Language code of original
100 ## - MAIN ENTRY--PERSONAL NAME
Personal name E. David Ford
245 ## - TITLE STATEMENT
Title Scientific Method for Ecological Research
250 ## - EDITION STATEMENT
Edition statement Ist
260 ## - PUBLICATION, DISTRIBUTION, ETC.
Date of publication, distribution, etc. 2000
300 ## - PHYSICAL DESCRIPTION
Extent 563
653 ## - INDEX TERM--UNCONTROLLED
Uncontrolled term Science
930 ## - EQUIVALENCE OR CROSS-REFERENCE-UNIFORM TITLE HEADING [LOCAL, CANADA]
Uniform title 209
Holdings
Withdrawn status Lost status Damaged status Not for loan Collection Home library Current library Date acquired Total Checkouts Full call number Barcode Date last seen Copy number Price effective from Koha item type
          Institute of Environment Education & Research, Pune Institute of Environment Education & Research, Pune 19/09/2011   EVP-1193 03/04/2023 1 03/04/2023 Book